00377nam a2200157Ia 4500003000900000005001700009008004100026040001600067080001500083100001700098245003300115260003800148300001100186650001000197650001200207IN-BaIIA20250702104800.0211028s9999 xx 000 0 eng d cIIA Library a535.1bHAR aHarway, A. F 0aCoherent LightcA. F. Harway aNew YorkbJohn Wiley & Sonsc1970 a1329p. aLight aPhysics